Cien años de Congresos Internacionales de Americanistas : (Record no. 7684)

MARC details
000 -CABECERA
campo de control de longitud fija 00585nam a2200169 a 4500
005 - FECHA Y HORA DE LA ÚLTIMA TRANSACCIÓN
campo de control 20240227063609.0
008 - ELEMENTOS DE LONGITUD FIJA--INFORMACIÓN GENERAL
campo de control de longitud fija 991125s1974 mx 000 0 spa u
035 ## - NÚMERO DE CONTROL DEL SISTEMA
Número de control de sistema UPN01000007684
049 ## - COLECCIÓN
Colección CG
050 #4 - SIGNATURA TOPOGRÁFICA DE LA BIBLIOTECA DEL CONGRESO
Número de clasificación F1405
Número de documento/Ítem C6.3
100 1# - ASIENTO PRINCIPAL--NOMBRE PERSONAL
Nombre de persona Comas, Juan,
Fechas asociadas al nombre 1900-1979
9 (RLIN) 30643
245 10 - MENCIÓN DE TÍTULO
Título Cien años de Congresos Internacionales de Americanistas :
Resto del título ensayo histórico-crítico y bibliográfico /
Mención de responsabilidad, etc. Juan Comas.
260 ## - PUBLICACIÓN, DISTRIBUCIÓN, ETC.
Lugar de publicación, distribución, etc. México :
Nombre del editor, distribuidor, etc. UNAM, Instituto de Investigaciones Históricas,
Fecha de publicación, distribución, etc. 1974.
300 ## - DESCRIPCIÓN FÍSICA
Extensión 542 p.
611 24 - ASIENTO SECUNDARIO DE MATERIA - NOMBRE DE LA REUNION
Nombre de congreso/reunión o jurisdicción como elemento de entrada CONGRESO INTERNACIONAL DE AMERICANISTAS
9 (RLIN) 10214
905 ## - TIPO DE MATERIAL
Tipo de material Libro
Holdings
Estado de retiro Estado de pérdida Fuente del sistema de clasificación o colocación Estado dañado No para préstamo Código de colección Localización permanente Ubicación/localización actual Ubicación en estantería Total de préstamos Clasificación Código de barras Fecha visto por última vez Número de copia Tipo de ítem Koha
    Library of Congress Classification     Colección General Bib. Gregorio Torres Quintero Bib. Gregorio Torres Quintero Planta baja 1 F1405 C6.3 37126 31/12/2020 1 Libro